School, Society, Nation Popular Essay in Education / (Record no. 202891)

MARC details
000 -LEADER
fixed length control field 00624 a2200193 4500
005 - DATE AND TIME OF LATEST TRANSACTION
control field 20240516113620.0
010 ## - LCCN (DPL NO)
LC control number B-759067
020 ## - INTERNATIONAL STANDARD BOOK NUMBER
International Standard Book Number 8125029095
Terms of availability 695.00
035 ## - SYSTEM CONTROL NUMBER
System control number B-759067
037 ## - SOURCE OF ACQUISITION
Source of stock number/acquisition Gift/Unesco
082 ## - DEWEY DECIMAL CLASSIFICATION NUMBER
Classification number 306.43
245 ## - TITLE STATEMENT
Title School, Society, Nation Popular Essay in Education /
Statement of responsibility, etc Rajni Kumar,Anil Sethi and Shalini Sikka
260 ## - PUBLICATION, DISTRIBUTION, ETC. (IMPRINT)
Place of publication, distribution, etc New Delhi
Name of publisher, distributor, etc Orient Longman Private Limited
Date of publication, distribution, etc 2006
270 ## - ADDRESS
Address 1/24 Asaf Ali Road
City New Delhi
Postal code 110002
300 ## - PHYSICAL DESCRIPTION
Extent 300p.
Dimensions 23cm (Hb)
700 ## - ADDED ENTRY--PERSONAL NAME
9 (RLIN) 66089
942 ## - ADDED ENTRY ELEMENTS (KOHA)
Institution code [OBSOLETE] dpl
Item type English Books
Source of classification or shelving scheme Dewey Decimal Classification
Classification part 306.43
Call number suffix SCH
Holdings
Withdrawn status Lost status Not for loan Collection code Home library Current library Date acquired Source of acquisition Cost, normal purchase price Full call number Barcode Copy number Cost, replacement price Koha item type Public note
      Non-fiction Ashok Vihar Ashok Vihar 16/05/2024 Gift/10.5.24 695.00 306.43 SCH B-759067 1 695.00 English Books Gift

© Delhi Public Library
Hit Counter
free hit counter